| LEADER | 02867nam a2200565 i 4500 | ||
|---|---|---|---|
| 001 | 312509 | ||
| 003 | CZ PrSKC | ||
| 005 | 20260601215723.0 | ||
| 007 | ta | ||
| 008 | 240926s2024 xr d 000 f cze | ||
| 015 | |a cnb003633115 | ||
| 020 | |a 9788074987267 |q (vázáno) | ||
| 035 | |a (OCoLC)1468022622 | ||
| 040 | |a ABG001 |b cze |d ABA001 |e rda | ||
| 041 | 1 | |a cze |h ger | |
| 072 | 7 | |a 821.112.2-3 |x Německá próza, německy psaná |2 Konspekt | |
| 072 | 7 | |a 821-93 |x Literatura pro děti a mládež (beletrie) |2 Konspekt | |
| 080 | |a 821.112.2-31 |2 MRF | ||
| 080 | |a 821-93-053.67 |2 MRF | ||
| 080 | |a 821-93 |2 MRF | ||
| 080 | |a (0:82-312.9) |2 MRF | ||
| 100 | 1 | |a Gier, Kerstin, |d 1966- |7 ola20050317001 |4 aut | |
| 240 | 1 | 0 | |a Was bisher verloren war. |l Česky |
| 245 | 1 | 0 | |a Pomněnka. |p Co bylo dosud ztraceno / |c Kerstin Gierová ; přeložila Tereza Eliášová |
| 246 | 3 | 0 | |a Co bylo dosud ztraceno |
| 250 | |a I. vydání | ||
| 264 | 1 | |a V Praze : |b CooBoo, |c 2024 | |
| 300 | |a 467 stran ; |c 21 cm | ||
| 336 | |a text |b txt |2 rdacontent | ||
| 337 | |a bez média |b n |2 rdamedia | ||
| 338 | |a svazek |b nc |2 rdacarrier | ||
| 500 | |a Přeloženo z němčiny | ||
| 520 | 2 | |a Druhý díl romantické fantasy série zkušené německé autorky. |b Kámošit se s vílami, procházet portály do paralelního světa a ovládat superschopnosti - na to všechno už si Quinn zvyknul. Jenže za každým odhaleným tajemstvím se skrývá další hádanka... ještěže je tady Matilda, která si poradí se vším a nebojí se vrhnout po hlavě do dobrodružství. Oba si teď musí vyjasnit pár otázek: Může za smrt Quinnova otce nějaká tajná společnost? Jak zkrotit sfingu a jak novou intrikánskou spolužačku? A může být člověk vůbec zamilovaný, když je neustále v ohrožení života? Nakladatelská anotace. | |
| 655 | 7 | |a německé romány |7 fd132945 |2 czenas | |
| 655 | 7 | |a fantasy romány |7 fd184199 |2 czenas | |
| 655 | 7 | |a literatura young adult |7 fd1185572 |2 czenas | |
| 655 | 7 | |a publikace pro mládež |7 fd133157 |2 czenas | |
| 655 | 9 | |a German fiction |2 eczenas | |
| 655 | 9 | |a fantasy novels |2 eczenas | |
| 655 | 9 | |a young adult literature |2 eczenas | |
| 655 | 9 | |a juvenile literature |2 eczenas | |
| 700 | 1 | |a Eliášová, Tereza |7 mub2018985887 |4 trl | |
| 765 | 1 | |t Vergissmeinnicht | |
| 787 | 0 | 8 | |i Z cyklu: |t Pomněnka |g 2 |
| 900 | |a ABA001 |b 20 | ||
| 928 | 9 | |a Albatros Media - CooBoo | |
| 044 | |a xr | ||
| 910 | |a RBIT002 | ||
| 998 | |d 414276 |a https://core.palmknihy.cz/api/books/414276/cover?sk1a4h |b https://core.palmknihy.cz/api/books/414276/cover/400?sk1a4h |c https://core.palmknihy.cz/api/books/414276/cover/50?sk1a4h |e 2028-08-07 |g 472 |i 9788074987267 |j https://core.palmknihy.cz/api/books/414276/preview.epub |k https://core.palmknihy.cz/api/books/414276/preview.pdf |l |q 49 |r 1 |s https://www.palmknihy.cz/kniha/414276 |t ebook |y 2024 |z 0 |v Pomněnka |w 2 | ||
| 999 | |d 312507 | ||